000
00389nam a22001697a 4500
003
MPLRDC
005
20220104144346.0
008
210129b ||||| |||| 00| 0 eng d
082
_a
857.45 ZG
100
_a
郑克编著
245
_a
折狱龟鉴选
_c
250
_a
初版
260
_a
_b
群众出版社
_c
1981
300
_b
平
650
_a
历史小说
942
_c
BK
_o
857.45 ZG
999
_c
48841
_d
48831